| 000 | 00553nam a2200217Ia 4500 | ||
|---|---|---|---|
| 008 | 170918s9999 xx 000 0 und d | ||
| 020 | _a9780545000260 | ||
| 050 | _bT485 2006 | ||
| 100 | _aThomson, Sarah L. | ||
| 245 | _aAmazing dolphins! : | ||
| 245 | _bwildlife conservation society / | ||
| 245 | _cSarah L. Thomson. | ||
| 260 | _aNew York : | ||
| 260 | _bScholastic, | ||
| 260 | _c2006 | ||
| 300 | _a32 pages : | ||
| 300 | _bcolored illustration ; | ||
| 300 | _c22cm. | ||
| 440 | _aI can read! Beginning 2 with help. | ||
| 500 | _a670 | ||
| 999 |
_c342669 _d342669 |
||